000 00799nam a2200205Ii 4500
003 JO-AjNU
008 230605s9999||||xx |||||||||||||| ||und||
017 _a1970/2892
040 _aJO-AjNU
_bara
_erda
_cJO-AjNU
041 _aara
050 1 4 _aLB1121 1970
100 3 _aمخيمر،صلاح مؤلف/رزق،عبده ميخائيل م.مشارك/أثناسيوس،زكريا م.مشارك,
_eauthor
_98398
245 0 0 _aمدخل إلى سيكولوجية التعلم
264 3 1 _aالقاهرة:مكتبة الأنجلو المصرية،1969
300 _a382ص
336 _atext
_btxt
_2rdacontent
337 _aunmediated
_bn
_2rdamedia
338 _avolume
_bnc
_2rdacarrier
650 4 _a الأطفال-علم نفس. التفكير عند الأطفال-تربية الأطفال
_98399
999 _aA767
_c4335
_d4335